<?xml version="1.0" encoding="UTF-8"?>
<record
    xmlns:xsi="http://www.w3.org/2001/XMLSchema-instance"
    xsi:schemaLocation="http://www.loc.gov/MARC21/slim http://www.loc.gov/standards/marcxml/schema/MARC21slim.xsd"
    xmlns="http://www.loc.gov/MARC21/slim">

  <leader>01223nam0a2200313   4500</leader>
  <controlfield tag="001">RU\NLR\bibl\109199</controlfield>
  <controlfield tag="005">20260405231212.0</controlfield>
  <datafield tag="010" ind1=" " ind2=" ">
    <subfield code="a">5-8360-0048-4</subfield>
    <subfield code="9">1000</subfield>
  </datafield>
  <datafield tag="021" ind1=" " ind2=" ">
    <subfield code="a">RU</subfield>
    <subfield code="b">2000-22699</subfield>
    <subfield code="9">1075</subfield>
  </datafield>
  <datafield tag="035" ind1=" " ind2=" ">
    <subfield code="a">(NLR Aleph) 000106879</subfield>
  </datafield>
  <datafield tag="090" ind1=" " ind2=" ">
    <subfield code="a">605313</subfield>
    <subfield code="c">605313</subfield>
  </datafield>
  <datafield tag="100" ind1=" " ind2=" ">
    <subfield code="a">20000920d2000    |||y0rusy50      ca</subfield>
  </datafield>
  <datafield tag="101" ind1="0" ind2=" ">
    <subfield code="a">rus</subfield>
  </datafield>
  <datafield tag="102" ind1=" " ind2=" ">
    <subfield code="a">RU</subfield>
  </datafield>
  <datafield tag="105" ind1=" " ind2=" ">
    <subfield code="a">a   |||||||||</subfield>
  </datafield>
  <datafield tag="200" ind1="1" ind2=" ">
    <subfield code="a">&#x421;&#x444;&#x435;&#x440;&#x43E;&#x432;&#x43E;&#x43B;&#x43E;&#x43A;&#x43D;&#x438;&#x441;&#x442;&#x44B;&#x435; &#x43A;&#x43E;&#x43C;&#x43F;&#x43E;&#x437;&#x438;&#x442;&#x44B; &#x441; &#x43F;&#x440;&#x43E;&#x441;&#x442;&#x440;&#x430;&#x43D;&#x441;&#x442;&#x432;&#x435;&#x43D;&#x43D;&#x43E;&#x439; &#x441;&#x442;&#x440;&#x443;&#x43A;&#x442;&#x443;&#x440;&#x43E;&#x439;</subfield>
    <subfield code="f">&#x41D;&#x433;&#x443;&#x435;&#x43D; &#x414;&#x438;&#x43D;&#x44C; &#x414;&#x44B;&#x43A;</subfield>
  </datafield>
  <datafield tag="210" ind1=" " ind2=" ">
    <subfield code="a">&#x41C;.</subfield>
    <subfield code="c">&#x42D;&#x434;&#x438;&#x442;&#x43E;&#x440;&#x438;&#x430;&#x43B; &#x423;&#x420;&#x421;&#x421;</subfield>
    <subfield code="d">2000</subfield>
  </datafield>
  <datafield tag="215" ind1=" " ind2=" ">
    <subfield code="a">241 &#x441;.</subfield>
    <subfield code="c">&#x438;&#x43B;.</subfield>
    <subfield code="d">20</subfield>
  </datafield>
  <datafield tag="320" ind1=" " ind2=" ">
    <subfield code="a">&#x411;&#x438;&#x431;&#x43B;&#x438;&#x43E;&#x433;&#x440;.: 224 - 241(174 &#x43D;&#x430;&#x437;&#x432;.)</subfield>
  </datafield>
  <datafield tag="606" ind1="0" ind2=" ">
    <subfield code="a">&#x41A;&#x43E;&#x43C;&#x43F;&#x43E;&#x437;&#x438;&#x442;&#x43D;&#x44B;&#x435; &#x43C;&#x430;&#x442;&#x435;&#x440;&#x438;&#x430;&#x43B;&#x44B; &#x432;&#x43E;&#x43B;&#x43E;&#x43A;&#x43D;&#x438;&#x441;&#x442;&#x44B;&#x435;</subfield>
    <subfield code="9">1732580</subfield>
    <subfield code="3">RU\NLR\auth\66774512</subfield>
  </datafield>
  <datafield tag="606" ind1="0" ind2=" ">
    <subfield code="a">&#x412;&#x43E;&#x43B;&#x43E;&#x43A;&#x43D;&#x438;&#x441;&#x442;&#x44B;&#x435; &#x43A;&#x43E;&#x43C;&#x43F;&#x43E;&#x437;&#x438;&#x446;&#x438;&#x43E;&#x43D;&#x43D;&#x44B;&#x435; &#x43C;&#x430;&#x442;&#x435;&#x440;&#x438;&#x430;&#x43B;&#x44B;</subfield>
    <subfield code="9">2187032</subfield>
    <subfield code="3">RU\NLR\auth\661314893</subfield>
  </datafield>
  <datafield tag="686" ind1=" " ind2=" ">
    <subfield code="a">&#x416;366</subfield>
  </datafield>
  <datafield tag="700" ind1=" " ind2="0">
    <subfield code="4">070</subfield>
    <subfield code="8">rus</subfield>
    <subfield code="7">ca</subfield>
    <subfield code="a">&#x41D;&#x433;&#x443;&#x435;&#x43D; &#x414;&#x438;&#x43D;&#x44C; &#x414;&#x44B;&#x43A;</subfield>
    <subfield code="c">&#x434;-&#x440; &#x442;&#x435;&#x445;&#x43D;. &#x43D;&#x430;&#x443;&#x43A;, &#x43A;&#x43E;&#x43C;&#x43F;&#x43E;&#x437;&#x438;&#x442;&#x44B;</subfield>
    <subfield code="3">RU\NLR\AUTH\77105143</subfield>
    <subfield code="9">88068</subfield>
  </datafield>
  <datafield tag="801" ind1=" " ind2="0">
    <subfield code="a">RU</subfield>
    <subfield code="b">NLR</subfield>
    <subfield code="c">20000920</subfield>
    <subfield code="g">PSBO</subfield>
  </datafield>
  <datafield tag="801" ind1=" " ind2="1">
    <subfield code="a">RU</subfield>
    <subfield code="b">NLR</subfield>
    <subfield code="c">20000920</subfield>
  </datafield>
  <datafield tag="852" ind1=" " ind2=" ">
    <subfield code="a">NLR</subfield>
    <subfield code="j">2000-3/9611</subfield>
  </datafield>
  <datafield tag="942" ind1=" " ind2=" ">
    <subfield code="c">BOOK</subfield>
  </datafield>
  <datafield tag="980" ind1=" " ind2=" ">
    <subfield code="a">NB</subfield>
  </datafield>
  <datafield tag="995" ind1=" " ind2=" ">
    <subfield code="5">2000-09-20</subfield>
    <subfield code="a">ab</subfield>
    <subfield code="b">NLR01</subfield>
    <subfield code="c">NLR01</subfield>
    <subfield code="e">RF8</subfield>
    <subfield code="f">66987</subfield>
    <subfield code="k">2000-3/9611</subfield>
    <subfield code="o">0</subfield>
    <subfield code="r">BOOK</subfield>
    <subfield code="s">200039611_</subfield>
  </datafield>
  <datafield tag="995" ind1=" " ind2=" ">
    <subfield code="5">2000-10-13</subfield>
    <subfield code="a">ad</subfield>
    <subfield code="b">NLR01</subfield>
    <subfield code="c">NLR01</subfield>
    <subfield code="e">RF8</subfield>
    <subfield code="f">72977</subfield>
    <subfield code="k">2000-3/9611</subfield>
    <subfield code="o">0</subfield>
    <subfield code="r">BOOK</subfield>
    <subfield code="s">200039611_</subfield>
  </datafield>
  <datafield tag="995" ind1=" " ind2=" ">
    <subfield code="5">2000-10-13</subfield>
    <subfield code="a">ad</subfield>
    <subfield code="b">NLR01</subfield>
    <subfield code="c">NLR01</subfield>
    <subfield code="e">OBM</subfield>
    <subfield code="f">72978</subfield>
    <subfield code="o">0</subfield>
    <subfield code="r">BOOK</subfield>
  </datafield>
</record>
